Büyük fikirler el kitabı: Tarihi değiştiren 150 büyük buluş ve kavram (Record no. 17555)

000 -LEADER
fixed length control field 01332nmm a2200337 a 4500
001 - CONTROL NUMBER
control field ocm0001916528
003 - CONTROL NUMBER IDENTIFIER
control field TR-IsHL
005 - DATE AND TIME OF LATEST TRANSACTION
control field 20201028173140.0
008 - FIXED-LENGTH DATA ELEMENTS--GENERAL INFORMATION
fixed length control field 180908s2018 tu tur
007 - PHYSICAL DESCRIPTION FIXED FIELD--GENERAL INFORMATION
fixed length control field cr cn
020 ## - INTERNATIONAL STANDARD BOOK NUMBER
International Standard Book Number 9786059530347
035 ## - SYSTEM CONTROL NUMBER
System control number 1916528
-- (N$T)
050 04 - LIBRARY OF CONGRESS CALL NUMBER
Classification number PN1633.I3
Item number S519 2018
090 04 - LOCALLY ASSIGNED LC-TYPE CALL NUMBER (OCLC); LOCAL CALL NUMBER (RLIN)
Classification number (OCLC) (R) ; Classification number, CALL (RLIN) (NR) PN1633.I3
Local cutter number (OCLC) ; Book number/undivided call number, CALL (RLIN) S519 2018
100 1# - MAIN ENTRY--PERSONAL NAME
Personal name Smith, Daniel
245 10 - TITLE STATEMENT
Title Büyük fikirler el kitabı: Tarihi değiştiren 150 büyük buluş ve kavram
Medium [electronic resource] /
Statement of responsibility, etc. Daniel Smith ; Çeviren Murat Demirekin
260 ## - PUBLICATION, DISTRIBUTION, ETC.
Place of publication, distribution, etc. İstanbul :
Name of publisher, distributor, etc. Salon Yayınları,
Date of publication, distribution, etc. 2018
300 ## - PHYSICAL DESCRIPTION
Extent 320 p.
500 ## - GENERAL NOTE
General note Kitap adı başında : Tarihi Değiştiren 150 Büyük Buluş ve Kavram
International Standard Serial Number (SE) [OBSOLETE] Özgün eser adı : The Little Book of Big Ideas: 150 Concepts and Breakthroughs that Transformed History
--
650 #4 - SUBJECT ADDED ENTRY--TOPICAL TERM
Topical term or geographic name entry element Mühendislik ve Teknoloji
650 #4 - SUBJECT ADDED ENTRY--TOPICAL TERM
Topical term or geographic name entry element Engineering and Technology
650 #0 - SUBJECT ADDED ENTRY--TOPICAL TERM
Topical term or geographic name entry element Concepts
General subdivision History.
650 #0 - SUBJECT ADDED ENTRY--TOPICAL TERM
Topical term or geographic name entry element Kavramlar
General subdivision Tarih
650 #0 - SUBJECT ADDED ENTRY--TOPICAL TERM
Topical term or geographic name entry element Idea (Philosophy)
General subdivision History.
650 #0 - SUBJECT ADDED ENTRY--TOPICAL TERM
Topical term or geographic name entry element Düşüce (Felsefe)
General subdivision Tarih
650 #0 - SUBJECT ADDED ENTRY--TOPICAL TERM
Topical term or geographic name entry element Technology
General subdivision History.
650 #0 - SUBJECT ADDED ENTRY--TOPICAL TERM
Topical term or geographic name entry element Teknoloji
General subdivision Tarih
650 #7 - SUBJECT ADDED ENTRY--TOPICAL TERM
Topical term or geographic name entry element SCIENCE / Philosophy & Social Aspects
Source of heading or term bisacsh
700 1# - ADDED ENTRY--PERSONAL NAME
Personal name Demirekin, Murat
856 40 - ELECTRONIC LOCATION AND ACCESS
Uniform Resource Identifier <a href="http://search.ebscohost.com/login.aspx?direct=true&scope=site&db=e011xww&AN=1916528">http://search.ebscohost.com/login.aspx?direct=true&scope=site&db=e011xww&AN=1916528</a>
Holdings
Withdrawn status Lost status Source of classification or shelving scheme Damaged status Not for loan Collection code Permanent Location Current Location Date acquired Total Checkouts Full call number Barcode Date last seen Price effective from Koha item type
        Online   Kıbrıs Amerikan Üniversitesi Kütüphanesi / American University of Cyprus Kıbrıs Amerikan Üniversitesi Kütüphanesi / American University of Cyprus 28.10.2020   PN1633.I3 S519 2018 1916528 28.10.2020 28.10.2020 E-Kitap
Devinim Yazılım Eğitim Danışmanlık tarafından Koha'nın orjinal sürümü uyarlanarak geliştirilip kurulmuştur.